Pokémon - Les attaques de Solochi - Statistiques

Statistiques générales
  • Ce quiz a été pris 20 fois
  • Le résultat moyen est 9 sur 17
Statistiques - réponses
Niveaux Types Noms des attaques % Correct
Départ Normal Charge
94%
Niveau 40 Dragon Draco-Choc
81%
Niveau 4 Dragon Draco-Souffle
81%
Niveau 32 Ténèbres Mâchouille
81%
Niveau 8 Ténèbres Morsure
81%
Niveau 52 Dragon Draco-Charge
75%
Niveau 60 Dragon Colère
56%
Niveau 56 Ténèbres Machination
50%
Niveau 20 Normal Coup d'Boule
44%
Niveau 12 Normal Hurlement
44%
Niveau 36 Normal Grimace
38%
Niveau 16 Ténèbres Assurance
31%
Niveau 48 Normal Mégaphone
31%
Niveau 44 Normal Plaquage
31%
Niveau 24 Normal Rengorgement
31%
Niveau 28 Normal Souplesse
31%
Départ Normal Puissance
19%
Aucun quiz correspondant
Distribution des résultats
% des personnes avec chaque résultat
Percentile par nombre de réponses
Votre historique - résultats
Vous n’avez pas pris ce quiz